[Event "CAN-ch U16/18 Girls"]
[Site "Victoria"]
[Date "2009.07.23"]
[Round "5"]
[White "Nelson, Shania"]
[Black "Xiong, Sonja"]
[Result "0-1"]
[WhiteElo "811"]
[BlackElo "1843"]
[PlyCount "44"]
[EventDate "2009.07.21"]
[EventType "tourn"]
[EventRounds "7"]
[EventCountry "CAN"]
[SourceTitle "EXT 2011"]
[Source "ChessBase"]
[SourceDate "2010.11.26"]
[SourceVersion "1"]
[SourceVersionDate "2010.11.26"]
[SourceQuality "1"]

1. e3 d5 2. d3 e5 3. Nf3 Nc6 4. Nc3 Nf6 5. h3 Bb4 6. Qd2 d4 7. a3 dxc3 8. Ra2 cxd2+ 9. Kd1 dxc1Q+ 10. Kxc1 Be7 11. Nh4 Ne4 12. f3 Ng3 13. Rh2 Nxf1 14. f4 e4 15. b3 Nxh2 16. a4 exd3 17. cxd3 Qxd3 18. Rd2 Ba3+ 19. Kd1 Qf1+ 20. Kc2 Qc1+ 21. Kd3 Nb4+ 22. Ke2 Qf1# 0-1